Reptilia

Bibliographic Details
Main Author: Siti Zawiyah Zakaria
Format: Book
Published: Petaling Jaya : Eddiplex , 1996
Series:Siri Flora & Fauna
Subjects:

MARC

LEADER 00000cam a2200000 7i4500
001 0000008997
002 000009799
005 20000704.0
020 |a 9838802891 
090 0 0 |a J 597.9   |b SIT 
100 0 |a Siti Zawiyah Zakaria 
245 1 0 |a Reptilia   |c Siti Zawiyah Zakaria 
260 |a Petaling Jaya :   |b Eddiplex ,   |c 1996 
300 |a 36p. :   |b ill. ;   |c 23cm. 
490 0 |a Siri Flora & Fauna 
650 0 0 |a Reptiles   |x Juvenile literature 
999 |a 00088456   |b BUKU   |c PINJAMAN   |e PERPUSTAKAAN KOMUNITI PETALING JAYA 
999 |a 050342   |b BUKU   |c PINJAMAN   |e PERPUSTAKAAN KOMUNITI PETALING JAYA 
999 |a 050343   |b BUKU   |c PINJAMAN   |e PERPUSTAKAAN KOMUNITI PETALING JAYA 
999 |a 050344   |b BUKU   |c PINJAMAN   |e PERPUSTAKAAN KOMUNITI PETALING JAYA